000 00573nam a22001937a 4500
003 OSt
005 20180116183030.0
008 151218b xxu||||| |||| 00| 0 eng d
020 _a03-852-2014-1
024 _203-852-2014-1
040 _cLahore LUMS
082 _a174.4 LUM 2014
100 _aZAFFAR MA
245 _aPROVINCIAL FOOD DEPARTMENT (A-H): SILO DECISION
_cZAFFAR MA
260 _aLahore LUMS
_b Lahore University of Management Sciences
_c2014
300 _a10 p.
_bPapers
440 _aPROVINCIAL FOOD DEPARTMENT (A-H): SILO DECISION
942 _2ddc
_cCS
999 _c350990
_d350990